000 00624nam a22001817a 4500
008 150520b xxu||||| |||| 00| 0 eng d
020 _a9780071772440 (alk. paper)
020 _a0071772448 (alk. paper)
041 0 _aeng
080 _a301.151
100 _aRoberts, Ron,
_d1951-
245 0 0 _aThe well-balanced leader :
_cby Ron Roberts.
260 _aNew York :
_bMcGraw-Hill,
_cc2012.
300 _a256 f
_bme il
_c24 cm.
505 _aIndex:f. 249-256
650 0 _aUdhëheqja
_xAspektet psikologjike
942 _2udc
_cBK
999 _c862
_d862